ARRUPE JESUIT UNIVERSITY

CORONAVIRUS -STOP THE SPREAD - CLEAN,DISINFECT,COVER

African sculpture speaks. (Record no. 125274)

MARC details
000 -LEADER
fixed length control field 00724cam a22002651 4500
001 - CONTROL NUMBER
control field 4724260
003 - CONTROL NUMBER IDENTIFIER
control field ARRUPE
005 - DATE AND TIME OF LATEST TRANSACTION
control field 20160920084122.0
008 - FIXED-LENGTH DATA ELEMENTS--GENERAL INFORMATION
fixed length control field 750721s1952 nyuab b 000 0 eng
010 ## - LIBRARY OF CONGRESS CONTROL NUMBER
LC control number 52006927
035 ## - SYSTEM CONTROL NUMBER
System control number (OCoLC)ocm01462570
035 ## - SYSTEM CONTROL NUMBER
System control number (NNC)4724260
040 ## - CATALOGING SOURCE
Original cataloging agency DLC
Transcribing agency JPL
Modifying agency DLC
-- EL$
043 ## - GEOGRAPHIC AREA CODE
Geographic area code f------
050 00 - LIBRARY OF CONGRESS CALL NUMBER
Classification number L NB1080.S4
098 ## - OTHER CLASSIFICATION SCHEMES (OCLC)
Call number based on other classification scheme Qcj
300 ## - PHYSICAL DESCRIPTION
Other physical details 277 illus., maps (on lining papers)
Dimensions 29 cm.
100 1# - MAIN ENTRY--PERSONAL NAME
Personal name Segy, Ladislas.
9 (RLIN) 25919
245 10 - TITLE STATEMENT
Title African sculpture speaks.
Statement of responsibility, etc by Segy, Ladislas.
260 ## - PUBLICATION, DISTRIBUTION, ETC. (IMPRINT)
Place of publication, distribution, etc New York,
Name of publisher, distributor, etc A.A. Wyn
Date of publication, distribution, etc 1952
300 ## - PHYSICAL DESCRIPTION
Extent 254 p.;
504 ## - BIBLIOGRAPHY, ETC. NOTE
Bibliography, etc Bibliography: p. 231-236.
650 #0 - SUBJECT ADDED ENTRY--TOPICAL TERM
Topical term or geographic name as entry element Sculpture, African.
9 (RLIN) 13088
942 ## - ADDED ENTRY ELEMENTS (KOHA)
Source of classification or shelving scheme Library of Congress Classification
Koha item type Monograph ( Printed materials)
Holdings
Withdrawn status Lost status Source of classification or shelving scheme Damaged status Not for loan Collection code Home library Current library Shelving location Date acquired Total Checkouts Full call number Barcode Date last seen Price effective from Koha item type
    Library of Congress Classification     Main Collection ARRUPE LIBRARY ARRUPE LIBRARY Main Collection 20/09/2016   L NB1080.S4 46500010124 20/09/2016 20/09/2016 Monograph ( Printed materials)

 

Arrupe Library. PO Box MP320 Mt Pleasant, Harare, Zimbabwe
263 242 745411|librarian@aju.ac.zw